Matahari bersinar

Bibliographic Details
Main Author: Azilah Razali
Format: Book
Published: Kuala Lumpur : Pustaka Perintis , 2006
Series:Siri antologi cerpen cereka masyarakat
Subjects:

MARC

LEADER 00000cam a2200000 7i4500
001 0000000680
005 20151222.0
008 070702
020 |a 9833249124 
090 0 0 |a JF   |b MAL (795) 
100 0 |a Azilah Razali 
245 1 0 |a Matahari bersinar   |c Azilah Razali 
260 |a Kuala Lumpur :   |b Pustaka Perintis ,   |c 2006 
440 |a Siri antologi cerpen cereka masyarakat 
500 |a Children ages 7-9 years old (orange) 
650 0 |a Malay fiction 
999 |a 0000956449   |b Book   |c Children Collection   |e Perbadanan Perpustakaan Awam Johor 
999 |a 0000956450   |b Book   |c Children Collection   |e Cawangan Bukit Gambir 
999 |a 0000956453   |b Book   |c Children Collection   |e Perbadanan Perpustakaan Awam Johor